Ο τουρισμός προς το 2000 : Θεωρητικές επισημάνσεις & πρακτικές προσεγγίσεις
Saved in:
| Main Author: | |
|---|---|
| Format: | Book |
| Language: | Greek |
| Published: |
Αθήνα :
Interbooks,
1989
|
| Subjects: | |
| Tags: |
Add Tag
No Tags, Be the first to tag this record!
|
MARC
| LEADER | 00000cam a2200000 i 4500 | ||
|---|---|---|---|
| 001 | 1/22870 | ||
| 008 | 950309s1989 gr | ||| |||| ||gre|| | ||
| 035 | |l 10021977 | ||
| 040 | |a GR-MY-UA |b gre |e aacr | ||
| 041 | 0 | |a gre | |
| 082 | 0 | |a 338.4791 | |
| 100 | 1 | |a Λύτρας, Περικλής Ν., |d 1953- | |
| 245 | 1 | 2 | |a Ο τουρισμός προς το 2000 : |b Θεωρητικές επισημάνσεις & πρακτικές προσεγγίσεις / |c Περικλής Λύτρας |
| 260 | |a Αθήνα : |b Interbooks, |c 1989 | ||
| 650 | 0 | 0 | |a Tourism. |
| 852 | |a INST |b CHIOS |e 19950309 |h 338.4791 ΤΟΥ |p 005200003825 |q 005200003825 |t BK |y 0 | ||
| 909 | |a Χ |b 037272 | ||